Les romans de Jane Austen - Statistiques

Statistiques générales
  • Ce quiz a été pris 53 fois
  • Le résultat moyen est 6 sur 10
Statistiques - réponses
Descriptions Œuvres % Correct
Publié en 1813, son oeuvre la plus célèbre. Pride and Prejudice / Orgueil et Préjugés
98%
Publié en 1815, c'est l'histoire d'une entremetteuse. Emma
94%
Publié en 1811, l'histoire des sœurs Dashwood. Sense and Sensibility / Raison et Sentiments / Raison et Sensibilité / Le Coeur et la Raison
94%
Publié en 1818, roman mélancolique sur une femme qui a renoncé à son soupirant. Persuasion
72%
Publié en 1818, c'est une parodie de roman gothique. Northanger Abbey / L'abbaye de Northanger
60%
Ecrit en 1794 et publié en 1871. Une veuve vénale et désargentée cherche à tout prix un mari fortuné, inspiré des liaisons dangereuses de Laclos. Lady Susan
52%
Publié en 1814, roman moral et introspectif. Mansfield Park
52%
Roman inachevé, écrit en 1817, raconte l'histoire de l'essor de d'une station balnéaire en Angleterre. Publié en 1925 Sanditon
28%
Roman inachevé, écrit en 1804 The Watsons
12%
Œuvres en 3 volumes, comportant des histoires ironiques et exubérantes. (écriture: 1787-1793) Publication 1933. On trouve des histoire comme Love and Friendship dans cette œuvre par exemple. Juvelinia
2%
Aucun quiz correspondant
Distribution des résultats
% des personnes avec chaque résultat
Percentile par nombre de réponses
Votre historique - résultats
Vous n’avez pas pris ce quiz